000 00547nam a22002057a 4500
003 koha_MIRAKIL
005 20231213095916.0
008 231213b |||||||| |||| 00| 0 ||| d
020 _b9-75362960-5
040 _aTR-IsEVY
_btur
_cTR-IsEVY
082 _a823 DIC/D
100 _aDickens, Charles.
245 0 _aDavid Copperfield
250 _a8. bs.
260 _bTimaş Yayınları,
_c2013
300 _a96 s.
650 _aÇocuk edebiyatı -- Roman, İngiliz.
650 _aJuvenile literature -- Fiction, English.
942 _2ddc
_cBK
999 _c11406
_d11406